000 00459nam a2200157Ia 4500
008 160316s1996 xxu||||| |||| 00| 0 eng d
082 _a346.066000
_bSEK-I
100 _aSekhar K
245 _aGuide to SEBI capital issues, debentures and listing. Vol.I
250 _a2nd
260 _aDelhi
_bWadhwa & Co.
_c1996
300 _a2097p
_b
_c
365 _bRs.1695/-
650 _a1.Corporate Law - SEBI Guide Lines - Capital Issues - Debentures
700 _a
_a
999 _c11232
_d11232